000
00302nam a22001337a 4500
008
170503b xxu||||| |||| 00| 0 eng d
020
_a
9780314184528
041
_a
eng
080
_2
2ND
_a
34
100
_a
14
101
_a
SHJ
245
_a
ENVIRONMENTAL LAW IN CONTEXT
_c
CRAIG, R.K
942
_2
udc
_c
BK
999
_c
12601
_d
12601